Den'gi i kredit Ježemesjačnyj teoretičeskij naučno-praktičeskij žurnal Gosudarstvennogo banka SSSR

Saved in:
Bibliographic Details
Format: Serial
Language:Russian
Published: Moskva Finansy i statistika 1988
Tags: Add Tag
No Tags, Be the first to tag this record!

MARC

LEADER 00000nas2a2200000 4500
001 s041427
005 20250730114153.8
041 0 |a rus 
044 |a RU 
245 1 0 |a Den'gi i kredit  |b Ježemesjačnyj teoretičeskij naučno-praktičeskij žurnal Gosudarstvennogo banka SSSR 
264 1 |a Moskva  |b Finansy i statistika  |c 1988 
300 |a 2 zv. 
773 0 |w eu_un_cat*s120626